Indian youth demographics and readership: Results from the national youth readership survey (Record no. 503178)

000 -LEADER
fixed length control field 00426cam a22001217a 4500
008 - FIXED-LENGTH DATA ELEMENTS--GENERAL INFORMATION
fixed length control field 180718b2010 xxu||||| |||| 00| 0 eng d
020 ## - INTERNATIONAL STANDARD BOOK NUMBER
International Standard Book Number 9788123758541
082 ## - DEWEY DECIMAL CLASSIFICATION NUMBER
Classification number Px54 Sh92i
100 ## - MAIN ENTRY--PERSONAL NAME
Personal name Shukla, Rajesh
245 ## - TITLE STATEMENT
Title Indian youth demographics and readership: Results from the national youth readership survey
Statement of responsibility, etc. By. Rajesh Shukla
260 ## - PUBLICATION, DISTRIBUTION, ETC.
Place of publication, distribution, etc. New Delhi
Name of publisher, distributor, etc. National Council of Applied Economic Research
Date of publication, distribution, etc. 2010
300 ## - PHYSICAL DESCRIPTION
Extent 151p.
Holdings
Withdrawn status Lost status Damaged status Not for loan Permanent Location Current Location Date acquired Full call number Barcode Date last seen Price effective from Koha item type
        Indian Institute of Public Administration Indian Institute of Public Administration 2018-08-04 Px54 Sh92i GR19549 2018-08-04 2018-08-04 GR

Powered by Koha